LEADER 01555nam 2200409 450 001 996575629203316 005 20230414103619.0 010 $a1-7281-9928-X 035 $a(CKB)5590000000003876 035 $a(NjHacI)995590000000003876 035 $a(EXLCZ)995590000000003876 100 $a20230414d2020 uy 0 101 0 $aeng 135 $aur||||||||||| 181 $ctxt$2rdacontent 182 $cc$2rdamedia 183 $acr$2rdacarrier 200 10$a2020 5th International Conference on Electromechanical Control Technology and Transportation (ICECTT) /$fInstitute of Electrical and Electronics Engineers (IEEE) 210 1$aPiscataway, New Jersey :$cInstitute of Electrical and Electronics Engineers (IEEE),$d2020. 215 $a1 online resource (xxii, 641 pages) $cillustrations some color 311 $a1-7281-9929-8 517 $a2020 5th International Conference on Electromechanical Control Technology and Transportation 606 $aElectromechanical devices 606 $aAutomatic control$vCongresses 606 $aElectrical engineering 606 $aConference papers and proceedings 615 0$aElectromechanical devices. 615 0$aAutomatic control 615 0$aElectrical engineering. 615 0$aConference papers and proceedings. 676 $a629.8 801 0$bNjHacI 801 1$bNjHacl 906 $aPROCEEDING 912 $a996575629203316 996 $a2020 5th International Conference on Electromechanical Control Technology and Transportation (ICECTT)$92507501 997 $aUNISA LEADER 02107nam0 22003491i 450 001 UON00223709 005 20231205103426.629 100 $a20030730d1971 |0itac50 ba 101 $aita 102 $aIT 105 $a|||| 1|||| 200 1 $aˆL'‰insegnamento dell'italiano in Italia e all'estero$eatti del quarto Convegno internazionale di studi$eRoma, 1-2 giugno 1970$fSLI, Società di linguistica italiana$ga cura di Mario Medici e Raffaele Simone 210 $aRoma$cBulzoni$d1971 215 $a 2 v.$ctav.$d21 cm. 410 1$1001UON00067620$12001 $aPubblicazioni della Societa' di linguistica italiana$v4 606 $aCongressi e convegni$xRoma$x1970$3UONC082473$2FI 606 $aLingua italiana$xInsegnamento$3UONC017218$2FI 620 $aIT$dRoma$3UONL000004 676 $a450.7$cLingua italiana. Insegnamento$v21 702 1$aMedici$bMario$3UONV053521 702 1$aSimone$bRaffaele$3UONV053522 710 02$aSocietà di Linguistica Italiana$3UONV053520$0330439 712 $aBulzoni$3UONV265597$4650 801 $aIT$bSOL$c20260213$gRICA 912 $aUON00223709 950 $aSIBA - SISTEMA BIBLIOTECARIO DI ATENEO E ARCHIVIO STORICO$dSI A D 0039 $eSI SC 3441/1 5 0039 $sBuono 950 $aSIBA - SISTEMA BIBLIOTECARIO DI ATENEO E ARCHIVIO STORICO$dSI A D 0039 $eSI SC 3441/2 5 0039 $sBuono 950 $aSIBA - SISTEMA BIBLIOTECARIO DI ATENEO E ARCHIVIO STORICO$dSI ITA Ling 0120 a-b $eSI LO 1123 5 0120 a-b 950 $aSIBA - SISTEMA BIBLIOTECARIO DI ATENEO E ARCHIVIO STORICO$dSI Collane S.L.I 04 a $eSI LO 6866 7 04 a 950 $aSIBA - SISTEMA BIBLIOTECARIO DI ATENEO E ARCHIVIO STORICO$dSI Collane S.L.I 04 b $eSI LO 6865 7 04 b 996 $aInsegnamento dell'italiano in Italia e all'estero$9934576 997 $aUNIOR